000 002530000a22000970004500
100 1 _aBerger, Klaus
245 1 0 _aJesus als Nasoräer / Nasiräer
300 _aVol. 38, Num. 4 (Octubre, 1996), Páginas 323-335
773 0 _tNovum Testamentum
942 _cANA
999 _c56933
_d56933